Disney PIXAR Cars 2 Characters - Statistics

General Stats
  • This quiz has been taken 502 times
  • The average score is 7 of 24
Answer Stats
Hint Answer % Correct
A blue British spy car Finn McMissile
86%
A green and red, Italian racer whose number 1 Francesco Bernoulli
51%
A purple, British spy car thats new to field work Holley Shiftwell
47%
The thought-to-be villain Professor Z
46%
The orange Gremlin that is a henchman of the above Grem
42%
The green car that created Allinol and is later rebealed to be the villain Miles Axlerod
41%
A black, British racer whose number is 2 Lewis Hamilton
38%
A green Pacer that is a henchman of the thought-to-be villain Acer
37%
A yellow, American racer whose number is 24 Jeff Gorvette
28%
A green and blue, Brazilian racervwhose number is 8 Carla Veloso
27%
A yellow, Spanish racer whose number is 5 Miguel Camino
27%
A red and white, Japanese racer whose number is 7 Shu Todoroki
27%
A purple, German racerwhose number is 4 Max Schnell
26%
A green, British racer whose number is 9 Nigel Gearsley
26%
Luigi's red, Italian family member that gives McQueen friendship advice Uncle Topolino
26%
The old, rusty car that gets towed by Mater at the beginning of the movie Otis
24%
A blue, red, and white, French racer whose number is 6 Raoul CaRoule
24%
The blue, three-wheeled, Italian car that help Finn, Holley, and Mater Tomber
23%
Wife of the above Mama Topolino
20%
A blue, American spy that is beat up by the two above Rod Torque Redline
18%
The talk show host that interviews Miles Axlerod Mel Dorado
17%
The spy plane thay helps Finn, Holley, and Mater get away from the airport Siddeley
16%
A race reporter that is closely related to Brent Musburger Brent Mustangburger
15%
The boat that brings Finn halfway to the oil platform, but has to turn around Crabby the Boat
2%
No matching quizzes found
Score Distribution
Percent of People with Each Score
Percentile by Number Answered
Your Score History
You have not taken this quiz